|
|
|
|
| LEADER |
00000nas a2200000 i 4500 |
| 001 |
ssj0001073067 |
| 003 |
WaSeSS |
| 005 |
20200512172242.0 |
| 006 |
m d |
| 007 |
cr n |
| 008 |
131213u19uuuuuuenka| p|s|||||| |0eng d |
| 035 |
|
|
|a (WaSeSS)ssj0001073067
|
| 040 |
|
|
|a WaSeSS
|b eng
|c WaSeSS
|d WaSeSS
|
| 050 |
1 |
4 |
|a HG3810
|
| 245 |
0 |
0 |
|a Foreign exchange letter
|h [electronic resource].
|
| 260 |
|
|
|a London :
|b Euromoney Trading
|
| 310 |
|
|
|a Annual
|
| 506 |
|
|
|a License restrictions may limit access.
|
| 588 |
|
|
|a Description based on: Volume 4 (17) (May 5, 1997); title from title screen (ProQuest, viewed Dec. 12, 2013).
|
| 588 |
|
|
|a Latest issue consulted: Volume 4 (17) (May 5, 1997) (viewed Dec. 12, 2013).
|
| 650 |
|
0 |
|a Foreign exchange
|v Periodicals.
|
| 650 |
|
0 |
|a Banks and banking
|v Periodicals.
|
| 655 |
|
0 |
|a Electronic journals.
|
| 856 |
4 |
0 |
|z Full text available from Research Library: 05/05/1997 to 05/05/1997
|u https://search.proquest.com/publication/32669
|